000 00492nam a2200157 4500
008 170123b xxu||||| |||| 00| 0 eng d
022 _a0893-8989
082 _aDPer 363.205 P75 May-Dec 2015 V. 39
100 _918522
_aBasich, Melanie
245 _aUnder the influence/
_cMelanie Basich.
260 _aCalifornia:
_bBobit Business Media,
_cc2015.
300 _apages 22-26;
_c28 cm.
500 _aPolice: the law enforcement magazine.
650 0 _918722
_aDrug abuse
942 _2ddc
_cPER
999 _c6127
_d6127